Druhá světová válka Souvislosti a poučení

Enregistré dans:
Détails bibliographiques
Format: Livre
Langue:tchèque
Publié: Praha Naše vojsko 1989
Édition:1. vyd.
Collection:Štít Sv.57
Tags: Ajouter un tag
Pas de tags, Soyez le premier à ajouter un tag!

MARC

LEADER 00000nam a2200000 4500
001 c032146
005 20240805083227.2
041 0 |a cze 
044 |a CZ 
245 1 0 |a Druhá světová válka  |b Souvislosti a poučení  |c [Z rus. prel.] Radovan Pražák 
250 |a 1. vyd. 
264 1 |a Praha  |b Naše vojsko  |c 1989 
300 |a 154 s. 
490 1 |a Štít  |v Sv.57 
830 0 |a Štít  |v Sv.57